Weird mammals / (Record no. 9316)

MARC details
000 -LEADER
fixed length control field 00850nam a22003017a 4500
001 - CONTROL NUMBER
control field 9316
003 - CONTROL NUMBER IDENTIFIER
control field FISKH
005 - DATE AND TIME OF LATEST TRANSACTION
control field 20251210103321.0
008 - FIXED-LENGTH DATA ELEMENTS--GENERAL INFORMATION
fixed length control field 251210b cb ||||| |||| 00| 0 eng d
020 ## - INTERNATIONAL STANDARD BOOK NUMBER
International Standard Book Number 9780439844796
040 ## - CATALOGING SOURCE
Original cataloging agency FISKH
Language of cataloging eng
Transcribing agency FISKH
Modifying agency FISKH
082 ## - DEWEY DECIMAL CLASSIFICATION NUMBER
Classification number 590
100 ## - MAIN ENTRY--PERSONAL NAME
Personal name Davidson, Avelyn
245 ## - TITLE STATEMENT
Title Weird mammals /
Statement of responsibility, etc. By Avelyn Davidson
260 ## - PUBLICATION, DISTRIBUTION, ETC.
Place of publication, distribution, etc. New York ,
Name of publisher, distributor, etc. Scholastic ,
Date of publication, distribution, etc. 2006 .
300 ## - PHYSICAL DESCRIPTION
Extent 24 pages :
Other physical details color illustrations, maps ;
Dimensions 15 x 19 cm.
490 ## - SERIES STATEMENT
Series statement Brain Bank
505 ## - FORMATTED CONTENTS NOTE
Formatted contents note U <br/>
521 8# - TARGET AUDIENCE NOTE
Target audience note 820 <br/>
Source Lexile <br/>
521 8# - TARGET AUDIENCE NOTE
Target audience note U <br/>
Source Raz-Plus <br/>
650 ## - SUBJECT ADDED ENTRY--TOPICAL TERM
Topical term or geographic name entry element Mammals
Form subdivision Non-fiction
650 ## - SUBJECT ADDED ENTRY--TOPICAL TERM
Topical term or geographic name entry element Science
Form subdivision Non-fiction
700 ## - ADDED ENTRY--PERSONAL NAME
Personal name Chan, Frances
Relator term Editor
700 ## - ADDED ENTRY--PERSONAL NAME
Personal name Smith , Meredith
Relator term Designer
700 ## - ADDED ENTRY--PERSONAL NAME
Personal name Matthewson , Sarah
Relator term Photo Researcher
942 ## - ADDED ENTRY ELEMENTS (KOHA)
Source of classification or shelving scheme Dewey Decimal Classification
Koha item type Books
Suppress in OPAC No
Holdings
Withdrawn status Lost status Source of classification or shelving scheme Damaged status Not for loan Collection Home library Current library Shelving location Date acquired Total Checkouts Full call number Barcode Date last seen Price effective from Koha item type
    Dewey Decimal Classification     Non-Fiction Footprints International School Library Network Toul Tom Poung Campus Footprints International School Library Network Toul Tom Poung Campus TTP Secondary Non-Fiction Bookshelves 12/10/2025   DAV 590 2025-5102 12/10/2025 12/10/2025 Books